Co zazwyczaj znajduje się w kinie? - Statystyki

Ogólne statystyki
  • Ten quiz został rozwiązany 46 razy
  • Średni wynik to 2 z 7
Statystyki odpowiedzi
Odpowiedź % Poprawnych
Ekran
90%
Siedzenia
56%
Projektor
29%
Głośniki
17%
Sala kinowa
15%
Kasa biletowa
5%
Oświetlenie
5%
Nie znaleziono quizów pasujących do podanych kryteriów
Rozkład punktacji
Procent ludzi z każdym wynikiem
Percentyl według liczby udzielonych odpowiedzi
Twoja historia wyników
Nie rozwiązałeś tego quizu